000 00291cam a22001097a 4500
008 180718b1957 xxu||||| |||| 00| 0 eng d
082 _aT1609 In8R
245 _aReport of the international co-operative alliance
260 _aStockholm
_b
_c1957
300 _axxi,344p.
650 _aCo-Operative
999 _c435101
_d435101